[Event "Tch-CRO 1stA liga 2017"]
[Site "Mali Losinj"]
[Date "2017.10.05"]
[Round "8.34"]
[White "Palac, Mladen"]
[Black "Ostovic, Matija"]
[Result "1-0"]
[WhiteElo "2535"]
[BlackElo "2334"]
[PlyCount "107"]
[EventDate "2017.??.??"]
[EventCountry "CRO"]

1. e4 d6 2. d4 Nf6 3. Nc3 e5 4. Nf3 Nbd7 5. Bc4 Be7 6. a4 O-O 7. O-O c6 8. h3
exd4 9. Qxd4 Nc5 10. Rd1 Ne6 11. Qe3 Qc7 12. Nd4 Nxd4 13. Qxd4 Nd7 14. Bf4 Ne5
15. Be2 Rd8 16. a5 Be6 17. Qe3 b5 18. axb6 axb6 19. Rxa8 Rxa8 20. Bg3 g5 21.
Bf1 b5 22. Ne2 Nc4 23. Qc1 Bf6 24. Nd4 Ne5 25. Bxe5 dxe5 26. Nxe6 fxe6 27. c4
Rc8 28. Qc2 bxc4 29. Bxc4 Qe7 30. Rd3 g4 31. hxg4 Bg5 32. Qb3 Re8 33. Qb6 Rc8
34. Qa6 Rc7 35. Qa2 Ra7 36. Ra3 Rxa3 37. Bxe6+ Kg7 38. bxa3 Qc5 39. g3 Qc1+ 40.
Kg2 Qc5 41. a4 Bd8 42. Qd2 Qe7 43. Bd7 Qc5 44. Bf5 Qd4 45. Qxd4 exd4 46. e5 c5
47. Bd3 Kf7 48. f4 Ke6 49. Bc4+ Kd7 50. Kf3 Kc6 51. f5 Kb6 52. f6 Ka5 53. g5
Kb4 54. e6 1-0

[Event "Tch-CRO 1stA liga 2017"]
[Site "Mali Losinj"]
[Date "2017.10.05"]
[Round "8.35"]
[White "Vrban, Mladen"]
[Black "Jankovic, Alojzije"]
[Result "0-1"]
[WhiteElo "2295"]
[BlackElo "2582"]
[PlyCount "100"]
[EventDate "2017.??.??"]
[EventCountry "CRO"]

1. e4 c5 2. Nf3 Nc6 3. d4 cxd4 4. Nxd4 Nf6 5. Nc3 d6 6. Bc4 Qb6 7. Nb3 e6 8.
O-O a6 9. Kh1 Be7 10. f4 Qc7 11. Bd3 b5 12. a3 O-O 13. g4 b4 14. axb4 Nxb4 15.
g5 Nd7 16. Rf3 g6 17. Bf1 Rb8 18. Bg2 Bb7 19. Rh3 d5 20. exd5 exd5 21. Nd4 Rfe8
22. f5 Bd6 23. Nce2 Nf8 24. Be3 Bc8 25. c3 gxf5 26. Bg1 Nc6 27. Nxc6 Qxc6 28.
Nd4 Qc7 29. b4 f4 30. Rh6 Re5 31. Nf3 Re6 32. Bd4 Rg6 33. Bf6 Nd7 34. Bd4 Ne5
35. Qe2 Nxf3 36. Bxf3 Qe7 37. Qg2 Bf5 38. Bf6 Qe3 39. Bxd5 Be6 40. Be4 Re8 41.
Bd4 f3 42. Rxg6+ hxg6 43. Bxf3 Qf4 44. Rf1 Bc4 45. Rg1 Re2 46. Bf2 Bd5 47. Bxd5
Rxf2 48. Qxf2 Qxf2 49. Rg2 Qe1+ 50. Rg1 Qd2 0-1

[Event "Tch-CRO 1stA liga 2017"]
[Site "Mali Losinj"]
[Date "2017.10.05"]
[Round "8.36"]
[White "Zelcic, Robert"]
[Black "Matijevic, Hrvoje"]
[Result "1-0"]
[WhiteElo "2490"]
[BlackElo "2227"]
[PlyCount "77"]
[EventDate "2017.??.??"]
[EventCountry "CRO"]

1. e4 d6 2. d4 Nf6 3. Nc3 e5 4. Nf3 Nbd7 5. Bc4 Be7 6. O-O O-O 7. Re1 c6 8. a4
a5 9. h3 exd4 10. Qxd4 Qb6 11. Bf4 Qxd4 12. Nxd4 Ne5 13. Bf1 Re8 14. Rad1 Bd8
15. Bh2 Bb6 16. Kh1 h5 17. f4 Ng6 18. e5 dxe5 19. fxe5 Bxd4 20. Rxd4 Bf5 21.
Bc4 c5 22. Rdd1 Nh7 23. Bxf7+ Kxf7 24. Rf1 Ne7 25. g4 hxg4 26. hxg4 g6 27. Nb5
Rh8 28. gxf5 gxf5 29. Nd6+ Kg6 30. Nxb7 Ng5 31. Rd6+ Kf7 32. Rf6+ Ke8 33. Nd6+
Kd7 34. e6+ Kc6 35. Nxf5 Nxf5 36. e7+ Kb7 37. R1xf5 Ne4 38. Rf7 Kc6 39. Re5 1-0

[Event "Tch-CRO 1stA liga 2017"]
[Site "Mali Losinj"]
[Date "2017.10.05"]
[Round "8.41"]
[White "Ponkratov, Pavel"]
[Black "Bosiocic, Marin"]
[Result "1-0"]
[WhiteElo "2591"]
[BlackElo "2607"]
[PlyCount "53"]
[EventDate "2017.??.??"]
[EventCountry "CRO"]

1. e4 e5 2. Nf3 Nc6 3. Bc4 Bc5 4. c3 Nf6 5. d4 exd4 6. e5 d5 7. Bb5 Ne4 8. cxd4
Bb6 9. Nc3 O-O 10. Be3 Ne7 11. Bd3 f5 12. Ne2 Ba5+ 13. Kf1 Ng6 14. h4 Rf7 15.
g3 c5 16. h5 Nf8 17. dxc5 Ne6 18. Rc1 Kh8 19. Nf4 Bc7 20. Be2 d4 21. Nxd4 N4xc5
22. Rxc5 Nxc5 23. Bc4 Qe8 24. b4 b5 25. Bxf7 Qxf7 26. bxc5 Bxe5 27. Ng6+ 1-0

[Event "Tch-CRO 1stA liga 2017"]
[Site "Mali Losinj"]
[Date "2017.10.05"]
[Round "8.42"]
[White "Beliavsky, Alexander G"]
[Black "Martinovic, Sasa"]
[Result "1/2-1/2"]
[WhiteElo "2547"]
[BlackElo "2565"]
[PlyCount "218"]
[EventDate "2017.??.??"]
[EventCountry "CRO"]

1. d4 e6 2. c4 Nf6 3. Nf3 d5 4. e3 b6 5. cxd5 exd5 6. Be2 Bd6 7. O-O O-O 8. b3
Qe7 9. Bb2 Nbd7 10. Nbd2 Bb7 11. Rc1 c6 12. Qc2 Rfe8 13. Rfe1 a5 14. Bf1 Ne4
15. Nxe4 dxe4 16. Nd2 Nf6 17. g3 Nd5 18. Nc4 Bb4 19. Red1 Qe6 20. a3 Bf8 21.
Bc3 h5 22. Be1 h4 23. Rb1 Ba6 24. Ra1 hxg3 25. hxg3 Bb5 26. Rdc1 Qf5 27. Bg2
Qe6 28. Bd2 f6 29. Qd1 a4 30. Bf1 g6 31. Rcb1 Kg7 32. Qc2 Be7 33. bxa4 Rxa4 34.
Bc1 Rh8 35. Rxb5 cxb5 36. Nd2 Raa8 37. Qxe4 Qxe4 38. Nxe4 b4 39. a4 Rhc8 40. g4
Nc3 41. Nxc3 Rxc3 42. d5 b3 43. Bb5 Rd8 44. Bc6 Kf7 45. Bb2 Rc2 46. Rb1 Bc5 47.
g5 fxg5 48. Be5 Ke7 49. Rxb3 Rf8 50. Bg3 Bd6 51. Kg2 Bxg3 52. Kxg3 Rcxf2 53.
Rxb6 R8f3+ 54. Kg4 Rxe3 55. Kxg5 Rg3+ 56. Kh6 Kf7 57. Rb7+ Kf6 58. Kh7 g5 59.
Kg8 Rd2 60. Rb6 Ra3 61. Bd7+ Ke7 62. Rb7 Kf6 63. Rb6+ Ke7 64. Rb7 Kd6 65. Be6
g4 66. Rg7 g3 67. Bh3 Kxd5 68. Rd7+ Ke4 69. Rxd2 Rxa4 70. Kg7 Ke3 71. Rb2 Ra6
72. Bg2 Rd6 73. Ba8 Ra6 74. Bh1 Rd6 75. Rb3+ Kf2 76. Ba8 Ra6 77. Be4 Re6 78.
Rb2+ Ke3 79. Bh1 Rd6 80. Rg2 Kf4 81. Rg1 Rb6 82. Kf7 Rh6 83. Bg2 Rh2 84. Bc6
Rh6 85. Bd5 Rd6 86. Rf1+ Kg4 87. Bf3+ Kg5 88. Be4 Rb6 89. Ke7 Ra6 90. Bd5 Kg4
91. Rf8 Rg6 92. Be4 Rb6 93. Bf3+ Kg5 94. Bg2 Rb2 95. Bd5 Rb6 96. Ra8 Kf4 97.
Ra4+ Kg5 98. Bf3 Rb3 99. Bd5 Rb6 100. Kd7 Rf6 101. Ke7 Rb6 102. Ba8 Rh6 103.
Bf3 Kf5 104. Bg2 Rh2 105. Be4+ Ke5 106. Bc6 Rh7+ 107. Kf8 Rc7 108. Bg2 Rc2 109.
Bb7 Rc7 1/2-1/2

[Event "Tch-CRO 1stA liga 2017"]
[Site "Mali Losinj"]
[Date "2017.10.05"]
[Round "8.43"]
[White "Cvitan, Ognjen"]
[Black "Nevednichy, Vladislav"]
[Result "1/2-1/2"]
[WhiteElo "2487"]
[BlackElo "2528"]
[PlyCount "43"]
[EventDate "2017.??.??"]
[EventCountry "CRO"]

1. d4 Nf6 2. c4 g6 3. Nc3 d6 4. e4 Bg7 5. Nf3 O-O 6. Be2 e5 7. O-O Nc6 8. dxe5
dxe5 9. Bg5 Qxd1 10. Rfxd1 Bg4 11. h3 Bxf3 12. Bxf3 Nd4 13. Nd5 Nxd5 14. cxd5
f6 15. Bd2 Rf7 16. Rac1 Bf8 17. Be3 Nxf3+ 18. gxf3 Bd6 19. Rd3 f5 20. Kf1 b6
21. Ke2 Kf8 22. a4 1/2-1/2

[Event "Tch-CRO 1stA liga 2017"]
[Site "Mali Losinj"]
[Date "2017.10.05"]
[Round "8.44"]
[White "Tica, Sven"]
[Black "Kurajica, Bojan"]
[Result "0-1"]
[WhiteElo "2389"]
[BlackElo "2509"]
[PlyCount "126"]
[EventDate "2017.??.??"]
[EventCountry "CRO"]

1. d4 Nf6 2. c4 e6 3. g3 Bb4+ 4. Bd2 a5 5. Bg2 d5 6. Nf3 O-O 7. Qc2 b6 8. O-O
Bb7 9. Bg5 Be7 10. Nc3 Na6 11. Rac1 Nb4 12. Qb1 dxc4 13. Rfd1 Qb8 14. a3 Nbd5
15. Nxd5 exd5 16. Ne5 Qc8 17. e4 h6 18. Bxf6 gxf6 19. Nf3 dxe4 20. Nd2 f5 21.
Nxc4 Qe6 22. Ne3 f4 23. d5 Qd7 24. gxf4 f5 25. Bh3 Bd6 26. Qxe4 fxe4 27. Bxd7
Rxf4 28. Bc6 Rb8 29. Ng2 Rf3 30. Bxb7 Rxb7 31. Re1 Rb8 32. Rxe4 Rbf8 33. Rc2
Rh3 34. Ne3 Bxh2+ 35. Kg2 Rh5 36. Rcc4 Bd6 37. Rh4 Rxh4 38. Rxh4 Kg7 39. b4
axb4 40. axb4 Rf4 41. Rh1 Bxb4 42. f3 Bc5 43. Ng4 Rf5 44. Rxh6 Rxd5 45. Rc6 Bd6
46. Ne3 Rc5 47. Rxc5 Bxc5 48. Nd5 c6 49. Nc3 b5 50. Kf1 Bd4 51. Ne4 Kf7 52. Ke2
Ke6 53. f4 Kd5 54. Nd2 Bc3 55. Nf1 Ke4 56. Ne3 Kxf4 57. Kd3 Bb4 58. Nc2 Bc5 59.
Kc3 Ke4 60. Ne1 Bd6 61. Nd3 c5 62. Nc1 c4 63. Na2 Ba3 0-1

[Event "Tch-CRO 1stA liga 2017"]
[Site "Mali Losinj"]
[Date "2017.10.05"]
[Round "8.45"]
[White "Muse, Mladen"]
[Black "Petrov, Jole"]
[Result "1/2-1/2"]
[WhiteElo "2391"]
[BlackElo "2394"]
[PlyCount "94"]
[EventDate "2017.??.??"]
[EventCountry "CRO"]

1. d4 d5 2. Bf4 Nf6 3. e3 e6 4. Nd2 c5 5. c3 Be7 6. Bd3 O-O 7. Ngf3 b6 8. Ne5
Bb7 9. Qf3 Nbd7 10. Qh3 g6 11. Bh6 Re8 12. Ndf3 Nxe5 13. Nxe5 c4 14. Bc2 b5 15.
Qf3 b4 16. Ba4 bxc3 17. Bxe8 Qxe8 18. bxc3 Ne4 19. h4 f6 20. Ng4 Qa4 21. O-O f5
22. Qf4 fxg4 23. Qc7 Qe8 24. Qxb7 Nxc3 25. Qb2 Ne4 26. Qe2 g3 27. f3 Nf2 28. e4
Bxh4 29. Rae1 Qf7 30. exd5 exd5 31. Qe3 Rc8 32. Re2 Bf6 33. Rfe1 Bg7 34. Bxg7
Kxg7 35. Qe5+ Qf6 36. Qxg3 Nd3 37. Re7+ Kf8 38. R1e3 Qxe7 39. Rxe7 Kxe7 40. Qh3
Rc6 41. Qxh7+ Kd6 42. Qxg6+ Kc7 43. Qf7+ Kb6 44. Qxd5 c3 45. Qb3+ Kc7 46. Qf7+
Kb6 47. Qb3+ Kc7 1/2-1/2

[Event "Tch-CRO 1stA liga 2017"]
[Site "Mali Losinj"]
[Date "2017.10.05"]
[Round "8.46"]
[White "Zelenika, Srdjan"]
[Black "Zelic, Mladen"]
[Result "1/2-1/2"]
[WhiteElo "2215"]
[BlackElo "2323"]
[PlyCount "29"]
[EventDate "2017.??.??"]
[EventCountry "CRO"]

1. e4 e5 2. Nf3 Nc6 3. Bc4 Nf6 4. d3 Be7 5. O-O O-O 6. Re1 d6 7. a4 Be6 8. Nbd2
Qd7 9. c3 Rfe8 10. b4 Bf8 11. b5 Ne7 12. Bxe6 Qxe6 13. Qb3 Ng6 14. Qxe6 Rxe6
15. Nb3 1/2-1/2

[Event "Tch-CRO 1stA liga 2017"]
[Site "Mali Losinj"]
[Date "2017.10.05"]
[Round "8.52"]
[White "Georgiev, Kiril"]
[Black "Gharamian, Tigran"]
[Result "1/2-1/2"]
[WhiteElo "2631"]
[BlackElo "2626"]
[PlyCount "21"]
[EventDate "2017.??.??"]
[EventCountry "CRO"]

1. Nf3 Nf6 2. c4 e6 3. Nc3 d5 4. d4 dxc4 5. e3 a6 6. a4 c5 7. Bxc4 Nc6 8. O-O
Be7 9. dxc5 Bxc5 10. Qxd8+ Kxd8 11. Bd2 1/2-1/2

[Event "Tch-CRO 1stA liga 2017"]
[Site "Mali Losinj"]
[Date "2017.10.05"]
[Round "8.54"]
[White "Zovko, Mario"]
[Black "Djurovic, Goran"]
[Result "1/2-1/2"]
[WhiteElo "2328"]
[BlackElo "2387"]
[PlyCount "27"]
[EventDate "2017.??.??"]
[EventCountry "CRO"]

1. e4 c5 2. c3 d5 3. exd5 Qxd5 4. d4 Nf6 5. Nf3 Bg4 6. Be2 e6 7. h3 Bh5 8. O-O
Nc6 9. Be3 cxd4 10. cxd4 Be7 11. Nc3 Qd6 12. Nb5 Qd8 13. Ne5 Bxe2 14. Qxe2
1/2-1/2

[Event "Tch-CRO 1stA liga 2017"]
[Site "Mali Losinj"]
[Date "2017.10.05"]
[Round "8.55"]
[White "Bukal, Vladimir Jr"]
[Black "Mrdja, Milan"]
[Result "1/2-1/2"]
[WhiteElo "2397"]
[BlackElo "2295"]
[PlyCount "20"]
[EventDate "2017.??.??"]
[EventCountry "CRO"]

1. d4 g6 2. c4 Bg7 3. Nc3 c5 4. Nf3 cxd4 5. Nxd4 Nc6 6. Nc2 d6 7. e4 Nf6 8. Be2
O-O 9. O-O b6 10. Be3 Bb7 1/2-1/2

[Event "Tch-CRO 1stA liga 2017"]
[Site "Mali Losinj"]
[Date "2017.10.05"]
[Round "8.56"]
[White "Zivkovic, Nikola"]
[Black "Dutina, Dario"]
[Result "1/2-1/2"]
[WhiteElo "2180"]
[BlackElo "2266"]
[PlyCount "21"]
[EventDate "2017.??.??"]
[EventCountry "CRO"]

1. e4 e5 2. Nf3 Nc6 3. Bb5 a6 4. Ba4 Nf6 5. O-O Nxe4 6. d4 b5 7. Bb3 d5 8. dxe5
Be6 9. c3 Be7 10. Nbd2 Nc5 11. Bc2 1/2-1/2

[Event "Tch-CRO 1stA liga 2017"]
[Site "Mali Losinj"]
[Date "2017.10.06"]
[Round "9.13"]
[White "Muse, Drazen"]
[Black "Markus, Robert"]
[Result "1/2-1/2"]
[WhiteElo "2356"]
[BlackElo "2650"]
[PlyCount "65"]
[EventDate "2017.??.??"]
[EventCountry "CRO"]

1. d4 Nf6 2. Bf4 d6 3. Nc3 Nbd7 4. Nf3 c5 5. d5 g6 6. e4 Bg7 7. Be2 O-O 8. O-O
Ne8 9. Qd2 Nc7 10. Bh6 Nf6 11. Bxg7 Kxg7 12. a4 Bg4 13. Ng5 Bxe2 14. Qxe2 Re8
15. Rad1 a6 16. f4 h6 17. Nf3 b5 18. f5 g5 19. e5 dxe5 20. h4 Qd6 21. hxg5 hxg5
22. Nxg5 Rh8 23. Nce4 Nxe4 24. Qxe4 Rag8 25. f6+ exf6 26. Qf5 Rh5 27. Ne6+ Qxe6
28. dxe6 Rxf5 29. Rxf5 Nxe6 30. axb5 axb5 31. Rdf1 Nd4 32. R5f2 e4 33. Re1
1/2-1/2

[Event "Tch-CRO 1stA liga 2017"]
[Site "Mali Losinj"]
[Date "2017.10.06"]
[Round "9.14"]
[White "Jovanic, Ognjen"]
[Black "Zovko, Mario"]
[Result "1/2-1/2"]
[WhiteElo "2490"]
[BlackElo "2328"]
[PlyCount "91"]
[EventDate "2017.??.??"]
[EventCountry "CRO"]

1. d4 d5 2. c4 e6 3. Nc3 Nf6 4. cxd5 exd5 5. Bg5 Be7 6. e3 c6 7. Bd3 Nbd7 8.
Nge2 O-O 9. O-O h6 10. Bh4 Ne4 11. Bxe7 Qxe7 12. Bxe4 dxe4 13. Qc2 Nf6 14. a3
Bf5 15. Rac1 Rfe8 16. Ng3 Bg6 17. Rfd1 Rad8 18. Qb3 Nd5 19. Rd2 Kh7 20. Nxd5
Rxd5 21. Rdc2 f5 22. Rc5 Red8 23. Ne2 Bf7 24. Qa4 a6 25. Nf4 Rxc5 26. Rxc5 g5
27. Ne2 Rd5 28. Rxd5 Bxd5 29. Qa5 Qd7 30. Qc5 Kg7 31. g3 Qd8 32. Qa7 Qe7 33.
Qb8 Bf7 34. h3 a5 35. Kg2 a4 36. Nc3 b5 37. Qc8 Qe6 38. Qxe6 Bxe6 39. h4 Kf6
40. hxg5+ hxg5 41. g4 Ke7 42. gxf5 Bxf5 43. f3 exf3+ 44. Kxf3 Kd6 45. e4 Bd7
46. Ke3 1/2-1/2

[Event "Tch-CRO 1stA liga 2017"]
[Site "Mali Losinj"]
[Date "2017.10.06"]
[Round "9.15"]
[White "Mrdja, Milan"]
[Black "Kovacevic, Blazimir"]
[Result "1/2-1/2"]
[WhiteElo "2295"]
[BlackElo "2488"]
[PlyCount "100"]
[EventDate "2017.??.??"]
[EventCountry "CRO"]

1. e4 c6 2. d3 d5 3. Nd2 e5 4. Ngf3 Bd6 5. Be2 Nf6 6. O-O O-O 7. Re1 Nbd7 8.
Bf1 Re8 9. c3 b6 10. Qc2 Bb7 11. b3 Qc7 12. Bb2 Rad8 13. Rac1 Qb8 14. b4 c5 15.
a3 Bf8 16. Qb1 g6 17. Rcd1 d4 18. Qa2 Bh6 19. cxd4 cxd4 20. Nc4 b5 21. Na5 Nb6
22. Bc1 Bxc1 23. Rxc1 Na4 24. Ng5 Re7 25. Qd2 Kg7 26. h4 h5 27. Nh3 Ng4 28. Be2
Nc3 29. Bd1 Qd6 30. f3 Nh6 31. Bb3 Rc8 32. Kh2 Rcc7 33. Qf2 Bc8 34. Ng1 f5 35.
Qd2 f4 36. Qf2 Qf6 37. Nh3 Ng4+ 38. fxg4 hxg4 39. g3 gxh3 40. gxf4 Qxf4+ 41.
Qxf4 exf4 42. Rf1 Ne2 43. Rc5 Rxc5 44. bxc5 Bg4 45. Bd5 Rc7 46. Nc6 Kh6 47. Ne5
Kh5 48. c6 Kxh4 49. Nxg6+ Kg5 50. Ne5 Bh5 1/2-1/2

[Event "Tch-CRO 1stA liga 2017"]
[Site "Mali Losinj"]
[Date "2017.10.06"]
[Round "9.16"]
[White "Plenca, Jadranko"]
[Black "Zivkovic, Nikola"]
[Result "1-0"]
[WhiteElo "2440"]
[BlackElo "2180"]
[PlyCount "81"]
[EventDate "2017.??.??"]
[EventCountry "CRO"]

1. e4 c5 2. Nf3 d6 3. Bb5+ Nc6 4. O-O Bd7 5. Re1 Nf6 6. c3 a6 7. Bc4 e6 8. d4
b5 9. Bf1 cxd4 10. cxd4 e5 11. h3 Be7 12. a4 Nxd4 13. Nxd4 exd4 14. axb5 axb5
15. Rxa8 Qxa8 16. Qxd4 O-O 17. Bf4 Bc6 18. Nc3 Rb8 19. Bxd6 Bxd6 20. Qxd6 b4
21. Nd5 Nxd5 22. exd5 Bxd5 23. Ra1 Qb7 24. Ba6 Qa8 25. Ra4 Rf8 26. Qxb4 Qc6 27.
Bf1 g6 28. Qd4 Be6 29. Ra5 Qc8 30. b4 Rd8 31. Qa1 Bd5 32. Rc5 Qb8 33. b5 Bb7
34. Qc1 Bd5 35. Rc7 Kg7 36. Qc5 Qa8 37. Qc3+ Kh6 38. b6 Rd6 39. Qe3+ Kg7 40.
Qe5+ Rf6 41. Rd7 1-0

[Event "Tch-CRO 1stA liga 2017"]
[Site "Mali Losinj"]
[Date "2017.10.06"]
[Round "9.21"]
[White "Bosiocic, Marin"]
[Black "Postny, Evgeny"]
[Result "1/2-1/2"]
[WhiteElo "2607"]
[BlackElo "2569"]
[PlyCount "25"]
[EventDate "2017.??.??"]
[EventCountry "CRO"]

1. c4 c5 2. Nc3 Nc6 3. g3 g6 4. Bg2 Bg7 5. Nf3 d6 6. d3 Nf6 7. O-O O-O 8. Bd2
a6 9. a3 Rb8 10. Rb1 b5 11. cxb5 axb5 12. b4 cxb4 13. axb4 1/2-1/2

[Event "Tch-CRO 1stA liga 2017"]
[Site "Mali Losinj"]
[Date "2017.10.06"]
[Round "9.23"]
[White "Tica, Sven"]
[Black "Djurovic, Goran"]
[Result "1/2-1/2"]
[WhiteElo "2389"]
[BlackElo "2387"]
[PlyCount "21"]
[EventDate "2017.??.??"]
[EventCountry "CRO"]

1. d4 Nf6 2. c4 c5 3. d5 e6 4. Nc3 exd5 5. cxd5 d6 6. Nf3 g6 7. g3 Bg7 8. Bg2
O-O 9. O-O a6 10. a4 Nbd7 11. Bf4 1/2-1/2

[Event "Tch-CRO 1stA liga 2017"]
[Site "Mali Losinj"]
[Date "2017.10.06"]
[Round "9.24"]
[White "Bukal, Vladimir Jr"]
[Black "Golubovic, Boris"]
[Result "1/2-1/2"]
[WhiteElo "2397"]
[BlackElo "2400"]
[PlyCount "24"]
[EventDate "2017.??.??"]
[EventCountry "CRO"]

1. d4 d5 2. c4 c6 3. Nf3 Nf6 4. Nc3 a6 5. cxd5 cxd5 6. Bf4 Nc6 7. e3 e6 8. Bd3
Bd6 9. Bxd6 Qxd6 10. O-O O-O 11. Rc1 Bd7 12. Qe2 Rac8 1/2-1/2

[Event "Tch-CRO 1stA liga 2017"]
[Site "Mali Losinj"]
[Date "2017.10.06"]
[Round "9.32"]
[White "Martinovic, Sasa"]
[Black "Stevic, Hrvoje"]
[Result "1/2-1/2"]
[WhiteElo "2565"]
[BlackElo "2616"]
[PlyCount "37"]
[EventDate "2017.??.??"]
[EventCountry "CRO"]

1. d4 Nf6 2. Nf3 g6 3. c4 Bg7 4. Nc3 O-O 5. e4 d6 6. Be2 e5 7. O-O Nc6 8. dxe5
dxe5 9. Bg5 Qxd1 10. Rfxd1 Bg4 11. h3 Bxf3 12. Bxf3 Nd4 13. Nd5 Nxd5 14. cxd5
f6 15. Be3 Nc2 16. Rac1 Nxe3 17. fxe3 Rf7 18. Rc3 Bf8 19. Bg4 1/2-1/2

[Event "Tch-CRO 1stA liga 2017"]
[Site "Mali Losinj"]
[Date "2017.10.06"]
[Round "9.36"]
[White "Kovacevic, Vlatko"]
[Black "Zelcic, Robert"]
[Result "1/2-1/2"]
[WhiteElo "2446"]
[BlackElo "2490"]
[PlyCount "22"]
[EventDate "2017.??.??"]
[EventCountry "CRO"]

1. d4 d5 2. c4 e6 3. Nf3 c5 4. e3 Nf6 5. Nc3 cxd4 6. exd4 Bb4 7. Bd3 O-O 8. O-O
dxc4 9. Bxc4 b6 10. a3 Bxc3 11. bxc3 Bb7 1/2-1/2

[Event "Tch-CRO 1stA liga 2017"]
[Site "Mali Losinj"]
[Date "2017.10.06"]
[Round "9.41"]
[White "Romanov, Evgeny"]
[Black "Srbis, Jurica"]
[Result "1-0"]
[WhiteElo "2626"]
[BlackElo "2421"]
[PlyCount "91"]
[EventDate "2017.??.??"]
[EventCountry "CRO"]

1. e4 e5 2. Nf3 Nc6 3. Bb5 a6 4. Ba4 Nf6 5. O-O Be7 6. d3 b5 7. Bb3 d6 8. a4 b4
9. Nbd2 O-O 10. a5 Nb8 11. c3 bxc3 12. bxc3 Nbd7 13. d4 Bb7 14. Re1 Rb8 15. Bc2
Re8 16. dxe5 Nxe5 17. Nxe5 dxe5 18. Qe2 Qc8 19. Qc4 Bd6 20. Ba4 Re7 21. Rb1 Nd7
22. Nb3 h6 23. Be3 Re6 24. f3 Rg6 25. Kh1 h5 26. Nd2 c5 27. Bb3 Qe8 28. Qa4 Bc7
29. Bd5 Bxd5 30. exd5 Rxb1 31. Rxb1 Qd8 32. Ne4 f5 33. Ng5 Nf8 34. Qc4 Bd6 35.
Ne6 Qxa5 36. Bxc5 Bxc5 37. Qxc5 Qxc5 38. Nxc5 Rd6 39. c4 Nd7 40. Nb7 Rg6 41. c5
Nxc5 42. Nxc5 Rd6 43. Rd1 Kf7 44. Nb7 Rd7 45. d6 a5 46. Nxa5 1-0

[Event "Tch-CRO 1stA liga 2017"]
[Site "Mali Losinj"]
[Date "2017.10.06"]
[Round "9.42"]
[White "Radovanovic, Nikola"]
[Black "Ivanisevic, Ivan"]
[Result "1/2-1/2"]
[WhiteElo "2398"]
[BlackElo "2611"]
[PlyCount "87"]
[EventDate "2017.??.??"]
[EventCountry "CRO"]

1. d4 d5 2. c4 c6 3. Nf3 Nf6 4. Nc3 e6 5. e3 Nbd7 6. Qc2 Bd6 7. Bd3 O-O 8. O-O
dxc4 9. Bxc4 e5 10. h3 h6 11. e4 exd4 12. Nxd4 Ne5 13. Be2 Ng6 14. Be3 Re8 15.
Rfe1 Qe7 16. Bf1 Qe5 17. g3 Qh5 18. Qd1 Qxd1 19. Raxd1 Bb4 20. f3 Bd7 21. a3
Bf8 22. Bf2 h5 23. g4 hxg4 24. hxg4 b5 25. Bg3 Ne5 26. Kg2 a5 27. g5 Nh5 28. f4
Ng6 29. f5 Nxg3 30. fxg6 Nxf1 31. gxf7+ Kxf7 32. Rxf1+ Kg8 33. Ndxb5 cxb5 34.
Rxd7 b4 35. axb4 axb4 36. Nd5 Rxe4 37. Kf3 Rae8 38. Rg1 Bc5 39. Rc1 Bf8 40. Rg1
Re1 41. Rxe1 Rxe1 42. g6 Re8 43. Rb7 Bd6 44. Nxb4 1/2-1/2

[Event "Tch-CRO 1stA liga 2017"]
[Site "Mali Losinj"]
[Date "2017.10.06"]
[Round "9.43"]
[White "Lalic, Bogdan"]
[Black "Ivekovic, Zvonimir"]
[Result "1/2-1/2"]
[WhiteElo "2438"]
[BlackElo "2409"]
[PlyCount "46"]
[EventDate "2017.??.??"]
[EventCountry "CRO"]

1. d4 Nf6 2. c4 g6 3. Nc3 Bg7 4. e4 d6 5. Nf3 O-O 6. h3 c5 7. d5 e6 8. Bd3 Na6
9. Bg5 h6 10. Be3 exd5 11. cxd5 b5 12. O-O c4 13. Bc2 b4 14. Nb5 Re8 15. Rc1
Nc7 16. Nxa7 Bb7 17. Nc6 Bxc6 18. dxc6 Nxe4 19. Bxe4 Rxe4 20. Nd2 Rxe3 21. fxe3
d5 22. Qf3 Qe7 23. e4 c3 1/2-1/2

[Event "Tch-CRO 1stA liga 2017"]
[Site "Mali Losinj"]
[Date "2017.10.06"]
[Round "9.44"]
[White "Ostovic, Matija"]
[Black "Plenkovic, Zdenko"]
[Result "0-1"]
[WhiteElo "2334"]
[BlackElo "2415"]
[PlyCount "130"]
[EventDate "2017.??.??"]
[EventCountry "CRO"]

1. e4 d5 2. exd5 Qxd5 3. Nc3 Qd8 4. d4 Nf6 5. Nf3 e6 6. Bd3 c5 7. dxc5 Bxc5 8.
O-O Nc6 9. Qe2 a6 10. Bf4 Bd6 11. Bg5 Qc7 12. Rad1 Nb4 13. Be4 Be7 14. Rd2 Nxe4
15. Nxe4 f6 16. Bh4 O-O 17. Rfd1 e5 18. a3 Nc6 19. Qc4+ Kh8 20. Nd6 Bxd6 21.
Rxd6 Bf5 22. h3 Rac8 23. Qe2 Rfd8 24. Rxd8+ Nxd8 25. c3 Ne6 26. Bg3 Rd8 27. Nh4
Bg6 28. Nxg6+ hxg6 29. Re1 Kg8 30. Qg4 Kf7 31. Qf3 Qd7 32. Bxe5 Ng5 33. Qf4 Re8
34. Qc1 Qe7 35. h4 Nh7 36. Qf4 Kg8 37. Qg4 Nf8 38. h5 gxh5 39. Qxh5 fxe5 40.
Re4 Qf7 41. Qe2 Nd7 42. b4 Qb3 43. Re3 Qb1+ 44. Kh2 Qf5 45. Rf3 Qh5+ 46. Kg1
Nf6 47. Qc4+ Qf7 48. Qh4 e4 49. Rh3 Kf8 50. Qf4 Qe7 51. Qf5 Kf7 52. Rg3 Qe5 53.
Qg6+ Ke6 54. Qxg7 Rg8 55. Qxb7 Rxg3 56. Qxa6+ Kf5 57. fxg3 Qxc3 58. Qf1+ Kg6
59. Qe2 Qc1+ 60. Kf2 Qxa3 61. b5 Kf5 62. Kg1 Ng4 63. Qf1+ Kg6 64. Qe1 Qc5+ 65.
Kf1 Qxb5+ 0-1

[Event "Tch-CRO 1stA liga 2017"]
[Site "Mali Losinj"]
[Date "2017.10.06"]
[Round "9.45"]
[White "Sulava, Nenad"]
[Black "Vrban, Mladen"]
[Result "1/2-1/2"]
[WhiteElo "2452"]
[BlackElo "2295"]
[PlyCount "142"]
[EventDate "2017.??.??"]
[EventCountry "CRO"]

1. Nf3 f5 2. g3 Nf6 3. Bg2 g6 4. b3 Bg7 5. Bb2 d6 6. d4 c6 7. Nbd2 O-O 8. O-O
Ne4 9. c4 Qa5 10. e3 Nxd2 11. Qxd2 Qxd2 12. Nxd2 Na6 13. Rad1 Rb8 14. f4 Bd7
15. a3 e6 16. Rc1 Rfe8 17. Rc2 d5 18. Rfc1 Nc7 19. Kf2 Rec8 20. Nf3 Ne8 21. Ne5
Rd8 22. Bc3 Nd6 23. Bb4 Be8 24. Bc5 Ra8 25. Ke1 Bf8 26. Bf3 Nf7 27. Nd3 Nd6 28.
a4 Bg7 29. Ba3 Ne4 30. g4 Rab8 31. Ke2 Bf7 32. Rg1 Rd7 33. h3 Kh8 34. a5 Bg8
35. h4 Bf6 36. h5 fxg4 37. Bxe4 dxe4 38. Nc5 Rf7 39. Nxe4 gxh5 40. Rh1 Bg7 41.
Rxh5 Rf5 42. Ng3 Rxh5 43. Nxh5 Bf7 44. Nxg7 Kxg7 45. e4 h5 46. Be7 h4 47. Bxh4
Rh8 48. Bg3 Rh1 49. Ke3 Ra1 50. f5 exf5 51. exf5 Rb1 52. Be5+ Kh6 53. Kf4 Rf1+
54. Kxg4 Bh5+ 55. Kh4 Rxf5 56. a6 bxa6 57. Ra2 Rf3 58. Rxa6 Be8 59. Rxa7 Rxb3
60. Re7 Bh5 61. Re6+ Bg6 62. Bf4+ Kg7 63. Rxc6 Be8 64. Rc8 Rh3+ 65. Kg5 Rh5+
66. Kg4 Bd7+ 67. Kxh5 Bxc8 68. Kg5 Kf7 69. Bb8 Ba6 70. c5 Ke6 71. Kf4 Kd5
1/2-1/2

[Event "Tch-CRO 1stA liga 2017"]
[Site "Mali Losinj"]
[Date "2017.10.06"]
[Round "9.46"]
[White "Matijevic, Hrvoje"]
[Black "Loncar, Robert"]
[Result "0-1"]
[WhiteElo "2227"]
[BlackElo "2368"]
[PlyCount "98"]
[EventDate "2017.??.??"]
[EventCountry "CRO"]

1. d4 Nf6 2. c4 e6 3. Nf3 Bb4+ 4. Bd2 Be7 5. Nc3 O-O 6. e4 d5 7. e5 Ne4 8. Bd3
Nxd2 9. Qxd2 dxc4 10. Bxc4 c5 11. d5 exd5 12. Qxd5 Qb6 13. O-O-O Bf5 14. Bd3
Rd8 15. Bxf5 Rxd5 16. Nxd5 Qh6+ 17. Kb1 Nc6 18. Nxe7+ Nxe7 19. Be4 Nc6 20. Rd7
Qe6 21. Rhd1 g6 22. Rxb7 Rd8 23. Rxd8+ Nxd8 24. Rb8 Qd7 25. Bc2 Kg7 26. h3 Nc6
27. Rb3 Nd4 28. Rc3 Qd5 29. a3 Nxf3 30. Rxf3 Qxe5 31. Bb3 Qe4+ 32. Ka2 c4 33.
Bd1 Qd5 34. Bc2 f5 35. h4 Qd2 36. Ba4 Qd4 37. Rc3 Qxf2 38. g3 Qc5 39. Bd1 Qf2
40. Ba4 f4 41. gxf4 Qxf4 42. h5 g5 43. Bb5 g4 44. Bxc4 Qe5 45. Rd3 Qxh5 46.
Rd7+ Kf6 47. Be2 Qg5 48. Bxg4 Qxg4 49. Rxh7 Qg8+ 0-1